|
|
|
|
| LEADER |
00000nab a2200000 a 4500 |
| 001 |
vtls000626943 |
| 003 |
SK-MaSNL |
| 005 |
20260303225111.0 |
| 008 |
160401c1997 xo 0 slo |
| 015 |
|
|
|a SNBRB19rr/mm-uuuuu
|
| 035 |
|
|
|a CL0627082
|
| 040 |
|
|
|a SNKBUCL
|b slo
|c SNKBUCL
|e AACR2
|
| 041 |
0 |
|
|a slo
|
| 044 |
|
|
|a xo
|c SK
|
| 080 |
|
|
|a 598.9
|2 1981
|
| 100 |
1 |
|
|a Lechan, Milan,
|d 1943-
|4 aut
|9 114277
|
| 245 |
1 |
0 |
|a Lietame v tom všetci
|c Milan Lechan
|
| 650 |
0 |
7 |
|a dravé vtáky
|2 snkbucl
|9 31255
|
| 655 |
|
7 |
|a články z novín a časopisov
|2 snkbucl
|9 267496
|
| 700 |
1 |
|
|a Kučera, Miloslav
|4 aut
|9 12439
|
| 700 |
1 |
|
|a Mikulica, Oldřich
|4 aut
|9 13010
|
| 700 |
1 |
|
|a Ptáček, Josef
|4 aut
|9 288964
|
| 773 |
0 |
|
|x 1210-1982
|t Knižná revue
|g Roč. 7, č. 10 (1997), s. 5
|
| 787 |
0 |
8 |
|i Rec.:
|a Kučera, Miloslav - Mikulica, Oldřich - Ptáček, Josef
|t Nevinní jako skřivánci
|d Žilina : Knižné centrum, 1996
|
| 850 |
|
|
|a Slovenská národná knižnica v Martine
|a MTA001
|
| 852 |
|
|
|a SNK
|b KIS3GCP
|
| 958 |
|
|
|a RK
|
| 958 |
|
|
|a RBX
|
| 999 |
|
|
|c 2255669
|d 2257599
|